00405nam a2200157 a 4500008004100000020001500041050002000056100001700076245002000093246002400113260003200137300001300169350000900182500001800191650003800209120416s1983 ||||||||||||||||| || u a0070188602 aBF 1045.M55 Ebo aEbon, Martin10aPsychic warfare athreat or illusion? aNew YorkbMcGraw-Hillc1983 av, 282p. a0.00 aBibliography. aParapsychology - Military aspects